000 00836nam a2200253Ia 4500
003 OSt
005 20220923223630.0
006 a|||||r|||| 00| 0
007 ta
008 220922b |||||||| |||| 00| 0 hin d
024 _a219,193
037 _cTextual
040 _aARTS
_cARTS
_bhin
041 _2hin
_ahin
082 _aO152,2N3212x, P3
100 _aशर्मा, यादवेन्द्र 'चन्द्र'
_9158326
245 0 _aतीन नाटक
246 _aTīn nāṭaka
260 _aदिल्ली
_b ईशा ज्ञानदीप
_c2003
300 _a182i`
_ccm.
650 _aहिन्दी साहित्य
_9156264
942 _hO152,2N3212x, P3
_cTEXL
_2CC
999 _c366513
_d366513